000
00309nam a22001337a 4500
008
181003b xxu||||| |||| 00| 0 eng d
020
_a
0198661061
041
_a
eng
080
_a
820
100
_a
21
101
_a
GJL
245
_a
The Oxford Companion to English Literature
_c
Harvey,S.P
942
_2
udc
_c
BK
999
_c
48819
_d
48819